000 00184 a2200097 4500
020 _a5649731546
041 _aspa
100 _aJ. Coronel Urtecho
245 _aProsa reunida
942 _cBK
999 _c5681
_d5681